| 000 | 01146cam a2200301 4500 | ||
|---|---|---|---|
| 001 | J2341 | ||
| 008 | 090401t1994 xxu||||| |||| 00| 0 eng d | ||
| 035 | _a(Sirsi) u48503 | ||
| 041 | _aeng | ||
| 050 | _a526.9 | ||
| 110 | _aFederation International Des Geometres | ||
| 245 | _a... XX congress ... Melbourne, Australia, March 5-12 1994 ... commission 2 ... professional education and literature... | ||
| 260 |
_bFIG _c1994 |
||
| 300 | _aca.275p. : ill. ; 21cm. | ||
| 350 | _a0 | ||
| 520 | _aPapers include:- Mutual recognition of higher education diplomas: theory into practice/ PLIMMER, F - Managing in a changing world: some key themes for surveyors/ KENNIE, T. - A computer-assisted approach for the education and training of valuation in China/ LIANG JIANG, GRONOW, S., HIBBERD, P. & PLIMMER, F. - Global aspects of education/ BULLARD, R.K. | ||
| 650 | _aBELGIUM | ||
| 650 | _aCANADA | ||
| 650 | _aCOMPUTER-ASSISTED LEARNING | ||
| 650 | _aCONFERENCES | ||
| 650 | _aFINLAND | ||
| 650 | _aMUTUAL RECOGNITION | ||
| 650 | _aPOLAND | ||
| 650 | _aSURVEYORS | ||
| 690 | _aLAND SURVEYING | ||
| 942 | _n0 | ||
| 948 | _c04/03/1997 | ||
| 999 |
_c92350 _d92350 |
||